<?xml version="1.0" encoding="UTF-8"?>
<marc:record xmlns:marc="http://www.loc.gov/MARC21/slim">
   <marc:leader>00000nam a2200000 a 4500</marc:leader>
   <marc:datafield ind1="1" ind2=" " tag="100">
      <marc:subfield code="a">Bohlmann, Sabine</marc:subfield>
      <marc:subfield code="4">aut</marc:subfield>
      <marc:subfield code="e">Verfasser/-in</marc:subfield>
   </marc:datafield>
   <marc:datafield ind1="1" ind2=" " tag="100">
      <marc:subfield code="a">Ceccarelli, Simona</marc:subfield>
   </marc:datafield>
   <marc:datafield ind1=" " ind2=" " tag="653">
      <marc:subfield code="a">Kinderbuch ab 10 Jahre</marc:subfield>
   </marc:datafield>
   <marc:datafield ind1=" " ind2=" " tag="653">
      <marc:subfield code="a">Hexen</marc:subfield>
   </marc:datafield>
   <marc:datafield ind1=" " ind2=" " tag="653">
      <marc:subfield code="a">Geschenk Mädchen</marc:subfield>
   </marc:datafield>
   <marc:datafield ind1=" " ind2=" " tag="653">
      <marc:subfield code="a">Zauberei</marc:subfield>
   </marc:datafield>
   <marc:datafield ind1=" " ind2=" " tag="653">
      <marc:subfield code="a">Lisa Simpson</marc:subfield>
   </marc:datafield>
   <marc:datafield ind1=" " ind2=" " tag="653">
      <marc:subfield code="a">magisch</marc:subfield>
   </marc:datafield>
   <marc:datafield ind1=" " ind2=" " tag="653">
      <marc:subfield code="a">Vorlesen</marc:subfield>
   </marc:datafield>
   <marc:datafield ind1=" " ind2=" " tag="653">
      <marc:subfield code="a">Wald</marc:subfield>
   </marc:datafield>
   <marc:datafield ind1=" " ind2=" " tag="653">
      <marc:subfield code="a">Kinderbuch</marc:subfield>
   </marc:datafield>
   <marc:datafield ind1=" " ind2=" " tag="653">
      <marc:subfield code="a">Freundschaft Kinderbuch</marc:subfield>
   </marc:datafield>
   <marc:datafield ind1=" " ind2=" " tag="653">
      <marc:subfield code="a">Kindheit</marc:subfield>
   </marc:datafield>
   <marc:datafield ind1=" " ind2=" " tag="653">
      <marc:subfield code="a">Freunde</marc:subfield>
   </marc:datafield>
   <marc:datafield ind1=" " ind2=" " tag="653">
      <marc:subfield code="a">Zauberhaft</marc:subfield>
   </marc:datafield>
   <marc:datafield ind1=" " ind2=" " tag="653">
      <marc:subfield code="a">Freundschaft</marc:subfield>
   </marc:datafield>
   <marc:datafield ind1=" " ind2=" " tag="653">
      <marc:subfield code="a">Familie</marc:subfield>
   </marc:datafield>
   <marc:datafield ind1=" " ind2=" " tag="653">
      <marc:subfield code="a">Hexenkraft</marc:subfield>
   </marc:datafield>
   <marc:datafield ind1=" " ind2=" " tag="653">
      <marc:subfield code="a">Kinderbuch Magie</marc:subfield>
   </marc:datafield>
   <marc:datafield ind1=" " ind2=" " tag="653">
      <marc:subfield code="a">Magie</marc:subfield>
   </marc:datafield>
   <marc:datafield ind1=" " ind2=" " tag="653">
      <marc:subfield code="a">Natur</marc:subfield>
   </marc:datafield>
   <marc:datafield ind1=" " ind2=" " tag="653">
      <marc:subfield code="a">Hexe</marc:subfield>
   </marc:datafield>
   <marc:datafield ind1=" " ind2=" " tag="653">
      <marc:subfield code="a">Kinderroman</marc:subfield>
   </marc:datafield>
   <marc:datafield ind1=" " ind2=" " tag="653">
      <marc:subfield code="a">Bestseller</marc:subfield>
   </marc:datafield>
   <marc:datafield ind1=" " ind2=" " tag="653">
      <marc:subfield code="a">Kinderbuch ab</marc:subfield>
   </marc:datafield>
   <marc:datafield ind1=" " ind2=" " tag="653">
      <marc:subfield code="a">Bücher für Mädchen</marc:subfield>
   </marc:datafield>
   <marc:datafield ind1=" " ind2=" " tag="653">
      <marc:subfield code="a">Kinderbücher bis 11 Jahre</marc:subfield>
   </marc:datafield>
   <marc:datafield ind1=" " ind2=" " tag="653">
      <marc:subfield code="a">Fantasie</marc:subfield>
   </marc:datafield>
   <marc:datafield ind1="0" ind2="0" tag="245">
      <marc:subfield code="a">Ein Mädchen namens Willow</marc:subfield>
   </marc:datafield>
   <marc:datafield ind1="0" ind2="0" tag="245">
      <marc:subfield code="c">Sabine Bohlmann</marc:subfield>
   </marc:datafield>
   <marc:datafield ind1=" " ind2="1" tag="264">
      <marc:subfield code="a">Stuttgart</marc:subfield>
      <marc:subfield code="b">Planet!</marc:subfield>
      <marc:subfield code="c">2020</marc:subfield>
   </marc:datafield>
   <marc:datafield ind1="1" ind2=" " tag="520">
      <marc:subfield code="a">Was, wenn du plötzlich spürst, dass die Natur mit dir spricht?  #Willow steht vor der größten Überraschung ihres Lebens: Sie hat von ihrer Tante Alwina nicht nur einen geheimnisvollen Wald und ein verwunschenes Häuschen geerbt, sondern auch... echte Hexenkräfte! Doch ist Willow bereit, dieses außergewöhnliche Vermächtnis anzunehmen? Als wäre das nicht schon Herausforderung genug, muss sie nun auch noch drei weitere Mädchen mit magischen Fähigkeiten finden. Aber wie soll sie das anstellen, wenn sie ihre eigenen Kräfte kaum versteht? Zum Glück steht Willow nicht allein da, denn Rufus, der Fuchs, weicht nicht mehr von ihrer Seite. #Dieses Kinderbuch ab 10 Jahren ist eine berührende Geschichte über Selbstvertrauen, Freundschaft und die Magie des Waldes  erzählt mit Tiefgang, Herz und feinem Humor. Leser*innen vergleichen die Reihe mit Klassikern wie Ronja Räubertochter oder Der Name des Windes  und feiern Willow als moderne Heldin, die leise kämpft und stark wächst. #Sabine Bohlmann ist eine der bekanntesten deutschen Kinderbuchautorinnen. Mit viel Feingefühl, Humor und Fantasie erzählt sie Geschichten, die Kinder ebenso begeistern wie Erwachsene. Vielen bekannt durch ihre Reihe Frau Honig, verzaubert sie auch mit Ein Mädchen namens Willow eine große Fangemeinde. Ihre Bücher zeichnen sich durch liebevolle Figuren, poetische Sprache und eine besondere Nähe zur Natur aus  und werden regelmäßig von Buchhandlungen, Lehrkräften und Eltern empfohlen. #Ein Spiegel-Bestseller, der sowohl zum Selberlesen als auch zum Verschenken begeistert. Mit wunderschönen Zeichnungen, ideal für naturverbundene Mädchen und alle, die besondere Geschichten lieben. #Warum Ein Mädchen namens Willow?  Starke Heldin  Willow inspiriert junge Leserinnen mit Mut, Empathie und innerer Stärke Magische Naturverbindung  eine Geschichte, die Fantasie und Achtsamkeit für die Umwelt weckt Ein Bestseller, der Mädchen ab 10 Jahren (und sogar bis 12) begeistert Als Geschenk für Kinder, die Willow aus dem Kino kennen Stimmungsvoll illustriert  mit liebevollen Zeichnungen, die die Geschichte lebendig machen und das Selberlesen erleichtern  #Jetzt eintauchen in eine zauberhafte Buchreihe  und gemeinsam mit Willow die Kraft der Natur entdecken. #In dieser Serie bereits erschienen: #Ein Mädchen namens Willow  Waldgeflüster (2)#Ein Mädchen namens Willow  Flügelrauschen (3)#Ein Mädchen namens Willow  Nebeltanz (4)#Ein Mädchen namens Willow  Schattenzeit (5)#Ein Mädchen namens Willow  Zwischenzeit (6)#Ein Mädchen namens Willow-Stoffbeutel#Mein Willow-Waldtagebuch#Ein Mädchen namens Willow. Krafttierkarten  Finde deinen magischen Begleiter #Mein Willow-Freundebuch#Ein Mädchen namens Willow. Willow-Amulett</marc:subfield>
   </marc:datafield>
   <marc:datafield ind1=" " ind2=" " tag="020">
      <marc:subfield code="a">9783522506649</marc:subfield>
      <marc:subfield code="9">9783522506649</marc:subfield>
   </marc:datafield>
   <marc:datafield ind1=" " ind2=" " tag="041">
      <marc:subfield code="a">ger</marc:subfield>
   </marc:datafield>
   <marc:datafield ind1=" " ind2=" " tag="300">
      <marc:subfield code="a">247 Seiten</marc:subfield>
   </marc:datafield>
</marc:record>
